Disney : Peter Pan mini storybook
| Format: | Book |
|---|---|
| Published: |
Bath :
Parragon ,
2010
|
| Series: | Disney
|
| Subjects: |
MARC
| LEADER | 00000cam a2200000 7i4500 | ||
|---|---|---|---|
| 001 | 0000192576 | ||
| 005 | 20150414.0 | ||
| 020 | |a 9781445400587 | ||
| 090 | 0 | 0 | |a JF |b DIS |
| 245 | 0 | 0 | |a Disney : |b Peter Pan mini storybook |
| 260 | |a Bath : |b Parragon , |c 2010 | ||
| 300 | |a p.v. : |b ill. ; |c 23cm. | ||
| 490 | 0 | |a Disney | |
| 650 | 0 | |a Children's stories | |
| 999 | |a 00305973 |b BUKU |c PINJAMAN |e PERPUSTAKAAN KOMUNITI PETALING JAYA | ||